| 000 | 00541nam a22002057a 4500 | ||
|---|---|---|---|
| 003 | OSt | ||
| 005 | 20180116183017.0 | ||
| 008 | 151017b xxu||||| |||| 00| 0 eng d | ||
| 020 | _a9788126553785 | ||
| 040 | _c0 | ||
| 082 | _a658.3 DEC 2015 | ||
| 100 | _aDavid A. Decenzo | ||
| 245 |
_aHuman Resource Management _bInternational Student Version _cDavid A. Decenzo |
||
| 250 | _a11th | ||
| 260 |
_aDelhi _bWiley _c2015 |
||
| 300 |
_a424 P. _bpb |
||
| 440 | _aHuman Resource Management | ||
| 600 | _aDavid A. Decenzo | ||
| 942 |
_2ddc _cBK |
||
| 999 |
_c350432 _d350432 |
||